Chaos in electronics /

Bibliographic Details
Main Author: Van Wyk, M. A.
Other Authors: Steeb, W.-H
Format: Book
Language:English
Published: Dordrecht ; Boston : Kluwer Academic Publishers, 1997.
Series:Mathematical modelling--theory and applications ; v. 2.
Subjects:

MARC

Tag First Indicator Second Indicator Subfields
LEADER 00000cam a2200000 a 4500
001 in00001402883
005 20151020053053.0
008 970409s1997 ne a b 001 0 eng
010 |a  97016494  
020 |a 0792345762 (hc : alk. paper) 
035 |a (OCoLC)36746503 
035 |9 AHM6920AM 
040 |a DLC  |c DLC  |d TXA  |d UtOrBLW 
049 |a TXAM 
050 0 0 |a TK7870  |b .V25 1997 
082 0 0 |a 621.3815/33/011857  |2 21 
100 1 |a Van Wyk, M. A. 
245 1 0 |a Chaos in electronics /  |c by M.A. van Wyk and W.-H. Steeb. 
264 1 |a Dordrecht ;  |a Boston :  |b Kluwer Academic Publishers,  |c 1997. 
300 |a xi, 481 pages :  |b illustrations ;  |c 25 cm. 
336 |a text  |b txt  |2 rdacontent 
337 |a unmediated  |b n  |2 rdamedia 
338 |a volume  |b nc  |2 rdacarrier 
490 1 |a Mathematical modelling--theory and applications ;  |v v. 2 
504 |a Includes bibliographical references and index. 
650 0 |a Electronic systems. 
650 0 |a Chaotic behavior in systems. 
650 0 |a Electronic circuits  |x Mathematical models. 
700 1 |a Steeb, W.-H. 
830 0 |a Mathematical modelling--theory and applications ;  |v v. 2. 
999 |a MARS 
999 f f |s 2c624321-f1bd-3f6b-af5f-3b03fee85f3b  |i 717f2c3c-8ede-33ec-ace6-44de65620920  |t 0 
952 f f |p normal  |a Texas A&M University  |b College Station  |c Sterling C. Evans Library  |d Evans: Library Stacks  |t 0  |e TK7870 .V25 1997  |h Library of Congress classification  |i unmediated -- volume  |m A14822025413 
998 f f |a TK7870 .V25 1997  |t 0  |l Evans: Library Stacks